000 00790nam a2200241Ia 4500
003 OSt
005 20221007123947.0
006 a|||||r|||| 00| 0
007 ta
008 221006b |||||||| |||| 00| 0 eng d
020 _a8130909979 (pbk)
024 _a83320
037 _b1163, 01/01/2009, Educational Book Agency (India)
_cTextbook
040 _aCDL
_cCDL
_beng
041 _2eng
_aeng
082 _aBObE:2, P8;P9 Carc
100 _aMcQuarrie Donald A
_9452383
245 0 _aMathematical methods for scientists and engineers
260 _aNew
_bDelhi Viva Books
_c2009
300 _axiii, 1161p.
_ccm.
942 _hBObE:2, P8;P9 Carc
_cTB
_2CC
999 _c1212720
_d1212720